00634nam a2200205Ia 4500003000900000008004100009020001800050040001600068080001600084100002600100245005500126260004000181300001600221650002200237650001900259700002900278942000700307999001500314952009900329IN-BaIIA211028s9999 xx 000 0 eng d a0-471-99639-4 cIIA Library a621.38bCAL aCalvert, J. M.910866 0aElectronicscJ. M. Calvert and M. A. H. McCausland aChichesterbJohn Wiley & Sonsc1978 axxii, 615p. aElectronics91576 aNASA thesaurus aMcCausland, A. H.910867 cBK c6334d6334 00104070aBANbBANcGENd1979-09-28l0o621.38/ CALp7055r2021-11-05w1979-09-28yBK 21.50